LEADER 01501nam a2200289 i 4500 001 000000036554 003 CaOOAMICUS 005 20110124000000.0 008 110124s1973 gw u000 u ger u 013 $a6203 020 $a3-402-03841-0 040 $aSeMil$bita 100 1 $aHärdelin, Alf <1927- >.$0(OLS)http://semarc/name/17234 245 10$aAquae et vini mysterium :$bGeheimnis der Erlösung und Geheimnis der Kirche im Spiegel der mittelalterlichen Auslegung des gemischten Kelches /$cvon Alf Härdelin. 260 $aMünster Westf. :$bAschendorff,$c1973. 300 $a140 p., [1] p. di tav. :$bill. ;$c25 cm. 490 0 $aLiturgiewissenschaftliche Quellen und Forschungen ;$v57 650 4$aMessa - Storia.$0(OLS)http://semarc/subject/1162 650 4$aMessa - Teologia.$0(OLS)http://semarc/subject/7036 650 4$aAcqua e vino [nell'] Eucaristia.$0(OLS)http://semarc/subject/7037 830 0$aLiturgiewissenschaftliche Quellen und Forschungen ;$v57.$0(OLS)http://semarc/title/188 850 $aSeMil 852 $aSeMil$W1$xVenegono$y1$m3KA D 57$j223580$B2709$CSeMilBibl$Z2$F2709 $81 961 $aSottoscrizione: Aschendorff 996 $6020$a3-402-03841-0$9(OLS)http://semarc/number/5242 996 $6245$aAquae et vini mysterium :$bGeheimnis der Erlösung und Geheimnis der Kirche im Spiegel der mittelalterlichen Auslegung des gemischten Kelches$9(OLS)http://semarc/title/50666 996 $6260$aMünster Westf. :$bAschendorff$9(OLS)http://semarc/publisher/29679 LEADER 01510nam a2200253 i 4500 001 000000067127 003 CaOOAMICUS 005 20140219000000.0 008 140219s1963 it u000 u ita u 013 $a38299 040 $aSeMil$bita 100 1 $aBellucci, Dino.$0(OLS)http://semarc/name/30717 245 10$aFede e giustificazione in Lutero :$bun esame teologico dei «Dictata super Psalterium» e del Commentario sull'Epistola ai Romani (1513-1516) /$cDino Bellucci. 260 $aRoma :$bLibreria Editrice dell'Università Gregoriana,$c1963. 300 $aXII, 262 p. ;$c24 cm. 490 0 $aAnalecta Gregoriana ;$vVol.135. Series Facultatis Theologicae. Sectio B, n. 44 490 0 $aAnalecta Gregoriana. Series Facultatis Theologiae. Sectio B ;$v44 650 4$aLutero, Martin <1483-1546> - Dottrina della giustificazione.$0(OLS)http://semarc/subject/7273 830 0$aAnalecta Gregoriana ;$vVol.135. Series Facultatis Theologicae. Sectio B, n. 44.$0(OLS)http://semarc/title/9 830 0$aAnalecta Gregoriana. Series Facultatis Theologiae. Sectio B ;$v44.$0(OLS)http://semarc/title/14379 850 $aSeMil 852 $aSeMil$W1$xVenegono$y1$m2N V 235$j33280$B33280$CSeMilBibl$Z2$F33283 $81 996 $6245$aFede e giustificazione in Lutero :$bun esame teologico dei «Dictata super Psalterium» e del Commentario sull'Epistola ai Romani (1513-1516)$9(OLS)http://semarc/title/106935 996 $6260$aRoma :$bLibreria Editrice dell'Università Gregoriana$9(OLS)http://semarc/publisher/33258